| 000 | 00458nam a22001697a 4500 | ||
|---|---|---|---|
| 005 | 20180327111028.0 | ||
| 008 | 160611b xxu||||| |||| 00| 0 eng d | ||
| 020 | _a9788126115358 | ||
| 041 | _aeng | ||
| 082 |
_b6975 _a338.88 |
||
| 100 |
_aBhalla, V.K. Ramu, S. Shova _91719 |
||
| 245 | _aInternational Business Environment and Management | ||
| 260 |
_aNew delhi _bAnand Publication Pvt. Ltd., |
||
| 300 | _a818 | ||
| 650 |
_aManagement _9241 |
||
| 942 | _cBK | ||
| 999 |
_c2427 _d2426 |
||